Catálogo
 En Linea

De Gaulle / (Registro nro. 17098)

Detalles MARC
000 -CABECERA
campo de control de longitud fija 00830cam a2200253 a 4500
001 - NÚMERO DE CONTROL
campo de control 000017573
003 - IDENTIFICADOR DEL NÚMERO DE CONTROL
campo de control UkOxU
005 - FECHA Y HORA DE LA ÚLTIMA TRANSACCIÓN
campo de control 20200929165145.0
008 - DATOS DE LONGITUD FIJA--INFORMACIÓN GENERAL
campo de control de longitud fija 500101s1964 sp a b 000 0bspa d
035 ## - NÚMERO DE CONTROL DEL SISTEMA
Número de control de sistema OCLC ocm00708722 from D950123M
040 ## - FUENTE DE LA CATALOGACIÓN
Centro catalogador/agencia de origen DO-SdBNP
Lengua de catalogación spa
Centro/agencia transcriptor KSU
Centro/agencia modificador SER
-- UKM
-- EQO
-- BNPHU
082 ## - NÚMERO DE LA CLASIFICACIÓN DECIMAL DEWEY
Número de clasificación 923.144
Número de documento/Ítem A823d
049 ## - FONDOS LOCALES (OCLC)
Fondos de biblioteca BNGR
100 1# - ENTRADA PRINCIPAL--NOMBRE DE PERSONA
Nombre de persona Ashcroft, Edward.
9 (RLIN) 38339
245 10 - MENCIÓN DE TÍTULO
Título De Gaulle /
Mención de responsabilidad, etc. Edward Ashcroft ; traducción Rafael Vázquez Zamora.
260 ## - PUBLICACIÓN, DISTRIBUCIÓN, ETC.
Lugar de publicación, distribución, etc. Barcelona :
Nombre del editor, distribuidor, etc. Destino,
Fecha de publicación, distribución, etc. 1964.
300 ## - DESCRIPCIÓN FÍSICA
Extensión 326 p. :
Otras características físicas il. ;
Dimensiones 22 cm.
500 ## - NOTA GENERAL
Nota general Incluye índice onomástico.
504 ## - NOTA DE BIBLIOGRAFÍA, ETC.
Nota de bibliografía, etc. Bibliografía: p. [315]-317.
600 10 - PUNTO DE ACCESO ADICIONAL DE MATERIA--NOMBRE DE PERSONA
Nombre de persona Gaulle, Charles de,
Fechas asociadas al nombre 1890-1970
9 (RLIN) 38340
651 #0 - PUNTO DE ACCESO ADICIONAL DE MATERIA--NOMBRE GEOGRÁFICO
Nombre geográfico France
Subdivisión general History
Subdivisión cronológica 1945-
9 (RLIN) 38341
700 1# - PUNTO DE ACCESO ADICIONAL--NOMBRE DE PERSONA
Nombre de persona Vázquez Zamora, Rafael,
Término indicativo de función/relación tr.
9 (RLIN) 38342
910 ## - DATOS DE OPCIÓN DEL USUARIO (OCLC)
Datos de opción del usuario Catalogación por copia / LC
Existencias
Estado de retiro Estado de pérdida Restricciones de uso No para préstamo Código de colección Localización permanente Ubicación/localización actual Ubicación en estantería Fecha de adquisición Número de inventario Total de préstamos Signatura topográfica completa Código de barras Fecha visto por última vez Precio válido a partir de Tipo de ítem Koha
        Monografías: Libros y Folletos General General En catalogación 26.03.2010 LF1   923.144 A823d 17573-10 25.06.2020 25.06.2020 Préstamo en sala

Con tecnología Koha